|
|
|
|
| LEADER |
00801nam a22001577a 4500 |
| 020 |
|
|
|a 978-0-262-23205-7
|
| 082 |
|
|
|a 658.872
|b WES/G
|
| 100 |
|
|
|a Westland,Christopher.J and Clark, Theodore H K
|9 167080
|
| 245 |
|
|
|a Global Electronic Commerce : Theory and case studies
|
| 260 |
|
|
|a London
|c 2000
|
| 300 |
|
|
|a 592p.
|
| 650 |
|
|
|a Electronic Commerce
|9 167081
|
| 856 |
|
|
|u https://books.google.co.in/books?id=cGpzRTbKsKEC&printsec=frontcover&dq=Global+Electronic+Commerce+:+Theory+and+case+studies&hl=en&sa=X&ei=XANkVbSlNpOJuASOx4CQCw&ved=0CB0Q6wEwAA#v=onepage&q=Global%20Electronic%20Commerce%20%3A%20Theory%20and%20case%20studies&f=false
|
| 942 |
|
|
|c BK
|
| 999 |
|
|
|c 187054
|d 187050
|
| 952 |
|
|
|0 0
|1 0
|4 0
|6 658_872000000000000_WES_G
|7 0
|9 185992
|a SMBS
|b SMBS
|d 2015-05-26
|l 0
|o 658.872 WES/G
|p SMBS764
|r 2015-05-26
|w 2015-05-26
|y BK
|